[Event "ODJM B 2025"]
[Site "Willingen GER"]
[Date "2025.06.10"]
[Round "4"]
[White "Huppert, Anna"]
[Black "Gutsche, Jan-Frederic"]
[Result "1-0"]
[Termination "normal"]
[Board "34"]
[WhiteElo "1630"]
[BlackElo "1742"]
[WhiteClock "00:03:16"]
[BlackClock "00:07:42"]
[PlyCount "109"]
[WhiteFideId "16214439"]
[BlackFideId "34683631"]
[EventCountry "GER"]
[EventRounds "9"]
[EventType "swiss"]
[EventDate "2025.06.07"]

1. e4 {[%clk 01:30:57]} {[%emt 00:00:02]} e5 {[%clk 01:30:59]} 2. Nf3 {[%clk
01:31:19]} {[%emt 00:00:08]} Nc6 {[%clk 01:31:27]} {[%emt 00:00:02]} 3. Bc4
{[%clk 01:31:33]} {[%emt 00:00:16]} Bc5 {[%clk 01:31:39]} {[%emt 00:00:19]} 4.
c3 {[%clk 01:28:55]} {[%emt 00:03:08]} Nf6 {[%clk 01:31:56]} {[%emt 00:00:12]}
5. d4 {[%clk 01:27:26]} {[%emt 00:01:59]} exd4 {[%clk 01:32:24]} {[%emt
00:00:03]} 6. cxd4 {[%clk 01:25:53]} {[%emt 00:02:02]} Bb4+ {[%clk 01:32:49]}
{[%emt 00:00:05]} 7. Bd2 {[%clk 01:04:20]} {[%emt 00:22:04]} Bxd2+ {[%clk
01:27:00]} {[%emt 00:06:19]} 8. Nbxd2 {[%clk 01:03:20]} {[%emt 00:01:30]} d5
{[%clk 01:26:12]} {[%emt 00:01:18]} 9. exd5 {[%clk 01:01:47]} {[%emt 00:02:03]}
Nxd5 {[%clk 01:26:40]} {[%emt 00:00:02]} 10. Qe2+ {[%clk 00:58:44]} {[%emt
00:03:32]} Be6 {[%clk 01:22:45]} {[%emt 00:04:24]} 11. O-O {[%clk 00:51:10]}
{[%emt 00:08:05]} O-O {[%clk 01:18:27]} {[%emt 00:04:49]} 12. Nb3 {[%clk
00:45:33]} {[%emt 00:06:06]} Qf6 {[%clk 00:49:29]} {[%emt 00:29:28]} 13. Rac1
{[%clk 00:28:09]} {[%emt 00:17:54]} Rfe8 {[%clk 00:36:24]} {[%emt 00:13:34]}
14. Rfe1 {[%clk 00:24:21]} {[%emt 00:04:18]} h6 {[%clk 00:33:44]} {[%emt
00:03:10]} 15. Qd2 {[%clk 00:22:06]} {[%emt 00:02:46]} Rad8 {[%clk 00:04:31]}
{[%emt 00:29:43]} 16. Nc5 {[%clk 00:19:07]} {[%emt 00:03:29]} b6 {[%clk
00:02:12]} {[%emt 00:02:49]} 17. Ne4 {[%clk 00:14:12]} {[%emt 00:05:25]} Qe7
{[%clk 00:01:38]} {[%emt 00:01:03]} 18. Bb5 {[%clk 00:13:49]} {[%emt 00:00:54]}
Na5 {[%clk 00:00:35]} {[%emt 00:01:34]} 19. Bxe8 {[%clk 00:14:01]} {[%emt
00:00:17]} Rxe8 {[%clk 00:01:02]} {[%emt 00:00:03]} 20. Ne5 {[%clk 00:12:10]}
{[%emt 00:02:21]} Rc8 {[%clk 00:00:31]} {[%emt 00:01:01]} 21. a3 {[%clk
00:11:52]} {[%emt 00:00:48]} Nb7 {[%clk 00:00:31]} {[%emt 00:00:30]} 22. Nc6
{[%clk 00:11:52]} {[%emt 00:00:30]} Qh4 {[%clk 00:00:32]} {[%emt 00:00:29]} 23.
Nxa7 {[%clk 00:10:46]} {[%emt 00:01:36]} Re8 {[%clk 00:00:34]} {[%emt
00:00:28]} 24. Ng3 {[%clk 00:10:40]} {[%emt 00:00:35]} Nd6 {[%clk 00:00:32]}
{[%emt 00:00:33]} 25. Nc6 {[%clk 00:10:27]} {[%emt 00:00:43]} Qf6 {[%clk
00:00:31]} {[%emt 00:00:30]} 26. Ne4 {[%clk 00:09:02]} {[%emt 00:01:55]} Nxe4
{[%clk 00:00:38]} {[%emt 00:00:24]} 27. Rxe4 {[%clk 00:09:24]} {[%emt
00:00:08]} Ra8 {[%clk 00:00:31]} {[%emt 00:00:38]} 28. Nb4 {[%clk 00:09:05]}
{[%emt 00:00:48]} Nxb4 {[%clk 00:00:34]} {[%emt 00:00:28]} 29. Qxb4 {[%clk
00:09:24]} {[%emt 00:00:10]} Qg5 {[%clk 00:00:50]} {[%emt 00:00:14]} 30. Ree1
{[%clk 00:07:35]} {[%emt 00:02:19]} Bh3 {[%clk 00:00:39]} {[%emt 00:00:41]} 31.
g3 {[%clk 00:07:35]} {[%emt 00:00:30]} Qd5 {[%clk 00:00:51]} {[%emt 00:00:18]}
32. f3 {[%clk 00:07:42]} {[%emt 00:00:22]} Qxf3 {[%clk 00:01:00]} {[%emt
00:00:21]} 33. Qd2 {[%clk 00:07:58]} {[%emt 00:00:15]} Rd8 {[%clk 00:00:42]}
{[%emt 00:00:49]} 34. Qf2 {[%clk 00:07:29]} {[%emt 00:00:58]} Qb7 {[%clk
00:00:37]} {[%emt 00:00:35]} 35. Re7 {[%clk 00:06:23]} {[%emt 00:01:36]} f6
{[%clk 00:00:32]} {[%emt 00:00:36]} 36. Rexc7 {[%clk 00:05:30]} {[%emt
00:01:22]} Qd5 {[%clk 00:00:32]} {[%emt 00:00:30]} 37. Rd1 {[%clk 00:03:39]}
{[%emt 00:02:21]} Qh5 {[%clk 00:00:32]} {[%emt 00:00:30]} 38. Re1 {[%clk
00:02:09]} {[%emt 00:02:01]} Kh8 {[%clk 00:00:31]} {[%emt 00:00:30]} 39. Rce7
{[%clk 00:01:44]} {[%emt 00:00:55]} Qd5 {[%clk 00:00:32]} {[%emt 00:00:30]} 40.
Re8+ {[%clk 00:01:44]} {[%emt 00:00:29]} Rxe8 {[%clk 00:00:34]} {[%emt
00:00:28]} 41. Rxe8+ {[%clk 00:02:06]} {[%emt 00:00:08]} Kh7 {[%clk 00:00:59]}
{[%emt 00:00:05]} 42. Qc2+ {[%clk 00:00:32]} {[%emt 00:02:04]} f5 {[%clk
00:29:17]} {[%emt 00:02:12]} 43. Qd2 {[%clk 00:28:22]} {[%emt 00:02:40]} Qb5
{[%clk 00:24:50]} {[%emt 00:04:57]} 44. Re1 {[%clk 00:28:00]} {[%emt 00:00:51]}
Qd5 {[%clk 00:24:46]} {[%emt 00:00:34]} 45. a4 {[%clk 00:24:34]} {[%emt
00:03:56]} Qa8 {[%clk 00:18:24]} {[%emt 00:06:52]} 46. d5 {[%clk 00:21:50]}
{[%emt 00:03:14]} Qxa4 {[%clk 00:18:25]} {[%emt 00:00:30]} 47. d6 {[%clk
00:20:30]} {[%emt 00:01:50]} Qd7 {[%clk 00:15:24]} {[%emt 00:03:30]} 48. Re7
{[%clk 00:19:10]} {[%emt 00:01:51]} Qb5 {[%clk 00:15:28]} {[%emt 00:00:25]} 49.
Re2 {[%clk 00:15:54]} {[%emt 00:03:46]} Qd7 {[%clk 00:12:35]} {[%emt 00:03:24]}
50. b3 {[%clk 00:07:54]} {[%emt 00:08:30]} Kh8 {[%clk 00:09:52]} {[%emt
00:03:12]} 51. Qd5 {[%clk 00:05:51]} {[%emt 00:02:33]} Qa7 {[%clk 00:07:57]}
{[%emt 00:02:25]} 52. Re8+ {[%clk 00:04:31]} {[%emt 00:01:50]} Kh7 {[%clk
00:08:11]} {[%emt 00:00:16]} 53. Qg8+ {[%clk 00:02:50]} {[%emt 00:02:11]} Kg6
{[%clk 00:08:30]} {[%emt 00:00:12]} 54. Re6+ {[%clk 00:02:59]} {[%emt
00:00:21]} Kg5 {[%clk 00:07:42]} {[%emt 00:01:18]} 55. Qd8+ {[%clk 00:03:16]}
{[%emt 00:00:12]} 1-0

[Event "ODJM B 2025"]
[Site "Willingen GER"]
[Date "2025.06.10"]
[Round "4"]
[White "Thoms, Eric"]
[Black "Gold, Finnja"]
[Result "1/2-1/2"]
[Termination "normal"]
[Board "35"]
[WhiteElo "1716"]
[BlackElo "1631"]
[WhiteClock "01:02:23"]
[BlackClock "01:13:47"]
[PlyCount "64"]
[WhiteFideId "34623450"]
[BlackFideId "34660453"]
[EventCountry "GER"]
[EventRounds "9"]
[EventType "swiss"]
[EventDate "2025.06.07"]

1. e4 {[%clk 01:30:57]} {[%emt 00:00:03]} c5 {[%clk 01:30:54]} {[%emt
00:00:06]} 2. Nf3 {[%clk 01:31:20]} {[%emt 00:00:06]} a6 {[%clk 01:31:20]}
{[%emt 00:00:05]} 3. c4 {[%clk 01:31:43]} {[%emt 00:00:07]} Nc6 {[%clk
01:31:38]} {[%emt 00:00:11]} 4. d4 {[%clk 01:31:57]} {[%emt 00:00:17]} cxd4
{[%clk 01:31:59]} {[%emt 00:00:09]} 5. Nxd4 {[%clk 01:32:20]} {[%emt 00:00:06]}
Nf6 {[%clk 01:32:07]} {[%emt 00:00:22]} 6. Nc3 {[%clk 01:32:42]} {[%emt
00:00:09]} g6 {[%clk 01:32:23]} {[%emt 00:00:14]} 7. Be3 {[%clk 01:32:33]}
{[%emt 00:00:38]} Bg7 {[%clk 01:32:43]} {[%emt 00:00:11]} 8. Be2 {[%clk
01:32:48]} {[%emt 00:00:15]} O-O {[%clk 01:33:02]} {[%emt 00:00:11]} 9. O-O
{[%clk 01:33:11]} {[%emt 00:00:07]} d6 {[%clk 01:33:21]} {[%emt 00:00:11]} 10.
Rc1 {[%clk 01:32:23]} {[%emt 00:01:18]} Nxd4 {[%clk 01:31:17]} {[%emt
00:02:34]} 11. Bxd4 {[%clk 01:32:40]} {[%emt 00:00:12]} Be6 {[%clk 01:31:19]}
{[%emt 00:00:28]} 12. Qd2 {[%clk 01:27:26]} {[%emt 00:05:44]} Rc8 {[%clk
01:30:07]} {[%emt 00:01:43]} 13. b3 {[%clk 01:27:40]} {[%emt 00:00:17]} Bd7
{[%clk 01:27:38]} {[%emt 00:02:57]} 14. Rfd1 {[%clk 01:27:28]} {[%emt
00:00:43]} Bc6 {[%clk 01:27:19]} {[%emt 00:00:49]} 15. f3 {[%clk 01:27:46]}
{[%emt 00:00:12]} Nd7 {[%clk 01:25:34]} {[%emt 00:02:14]} 16. Bxg7 {[%clk
01:27:26]} {[%emt 00:00:51]} Kxg7 {[%clk 01:25:55]} {[%emt 00:00:09]} 17. Kh1
{[%clk 01:27:38]} {[%emt 00:00:18]} Kg8 {[%clk 01:23:25]} {[%emt 00:03:01]} 18.
Nd5 {[%clk 01:23:15]} {[%emt 00:04:52]} Nb6 {[%clk 01:22:52]} {[%emt 00:01:01]}
19. Qd4 {[%clk 01:17:21]} {[%emt 00:06:26]} Nxd5 {[%clk 01:22:00]} {[%emt
00:01:22]} 20. cxd5 {[%clk 01:17:16]} {[%emt 00:00:35]} Bd7 {[%clk 01:21:51]}
{[%emt 00:00:37]} 21. a4 {[%clk 01:15:25]} {[%emt 00:02:22]} b5 {[%clk
01:18:47]} {[%emt 00:03:35]} 22. axb5 {[%clk 01:15:39]} {[%emt 00:00:17]} Bxb5
{[%clk 01:19:00]} {[%emt 00:00:16]} 23. Bxb5 {[%clk 01:15:53]} {[%emt
00:00:17]} axb5 {[%clk 01:19:06]} {[%emt 00:00:23]} 24. h3 {[%clk 01:15:27]}
{[%emt 00:00:55]} Qd7 {[%clk 01:19:11]} {[%emt 00:00:26]} 25. Ra1 {[%clk
01:13:00]} {[%emt 00:02:57]} Rc5 {[%clk 01:18:40]} {[%emt 00:01:00]} 26. Ra2
{[%clk 01:12:42]} {[%emt 00:00:48]} Rfc8 {[%clk 01:18:57]} {[%emt 00:00:13]}
27. Rda1 {[%clk 01:13:03]} {[%emt 00:00:10]} f6 {[%clk 01:16:48]} {[%emt
00:02:39]} 28. Ra7 {[%clk 01:12:31]} {[%emt 00:01:01]} Qd8 {[%clk 01:16:46]}
{[%emt 00:00:31]} 29. Kh2 {[%clk 01:12:11]} {[%emt 00:00:51]} Kf7 {[%clk
01:16:50]} {[%emt 00:00:26]} 30. Qb4 {[%clk 01:07:45]} {[%emt 00:04:57]} R8c7
{[%clk 01:15:39]} {[%emt 00:01:41]} 31. Ra8 {[%clk 01:02:14]} {[%emt 00:06:01]}
Rc8 {[%clk 01:13:45]} {[%emt 00:02:24]} 32. R8a7 {[%clk 01:02:23]} {[%emt
00:00:21]} R8c7 {[%clk 01:13:47]} {[%emt 00:00:28]} 1/2-1/2

[Event "ODJM B 2025"]
[Site "Willingen GER"]
[Date "2025.06.10"]
[Round "4"]
[White "Ebel, Felix"]
[Black "Heitmann, Erik"]
[Result "0-1"]
[Termination "normal"]
[Board "36"]
[WhiteElo "1605"]
[BlackElo "1798"]
[WhiteClock "00:58:47"]
[BlackClock "00:36:01"]
[PlyCount "100"]
[WhiteFideId "34651446"]
[BlackFideId "34608940"]
[EventCountry "GER"]
[EventRounds "9"]
[EventType "swiss"]
[EventDate "2025.06.07"]

1. e4 {[%clk 01:30:55]} {[%emt 00:00:04]} c5 {[%clk 01:30:48]} {[%emt
00:00:12]} 2. Nf3 {[%clk 01:31:20]} {[%emt 00:00:06]} d6 {[%clk 01:31:12]}
{[%emt 00:00:06]} 3. Nc3 {[%clk 01:31:10]} {[%emt 00:00:40]} Nf6 {[%clk
01:31:14]} {[%emt 00:00:27]} 4. Bb5+ {[%clk 01:30:35]} {[%emt 00:01:05]} Nbd7
{[%clk 01:31:01]} {[%emt 00:00:43]} 5. O-O {[%clk 01:28:55]} {[%emt 00:02:11]}
a6 {[%clk 01:31:11]} {[%emt 00:00:21]} 6. Bc4 {[%clk 01:29:12]} {[%emt
00:00:12]} e6 {[%clk 01:31:28]} {[%emt 00:00:13]} 7. d4 {[%clk 01:28:11]}
{[%emt 00:01:31]} cxd4 {[%clk 01:31:38]} {[%emt 00:00:20]} 8. Qxd4 {[%clk
01:27:31]} {[%emt 00:01:10]} Be7 {[%clk 01:31:17]} {[%emt 00:00:50]} 9. Bg5
{[%clk 01:26:44]} {[%emt 00:01:17]} O-O {[%clk 01:29:17]} {[%emt 00:02:31]} 10.
Bxf6 {[%clk 01:26:38]} {[%emt 00:00:36]} Nxf6 {[%clk 01:29:37]} {[%emt
00:00:09]} 11. e5 {[%clk 01:26:10]} {[%emt 00:00:58]} dxe5 {[%clk 01:29:31]}
{[%emt 00:00:37]} 12. Qxe5 {[%clk 01:25:06]} {[%emt 00:01:34]} Bd6 {[%clk
01:27:37]} {[%emt 00:02:22]} 13. Qd4 {[%clk 01:18:57]} {[%emt 00:06:41]} Qc7
{[%clk 01:27:44]} {[%emt 00:00:21]} 14. Ne4 {[%clk 01:12:08]} {[%emt 00:07:21]}
Nxe4 {[%clk 01:26:21]} {[%emt 00:01:52]} 15. Qxe4 {[%clk 01:12:30]} {[%emt
00:00:08]} b5 {[%clk 01:05:58]} {[%emt 00:20:54]} 16. Ng5 {[%clk 01:07:18]}
{[%emt 00:05:41]} g6 {[%clk 01:06:06]} {[%emt 00:00:23]} 17. Qh4 {[%clk
01:07:18]} {[%emt 00:00:29]} h5 {[%clk 01:06:04]} {[%emt 00:00:32]} 18. Bb3
{[%clk 01:06:33]} {[%emt 00:01:15]} Be7 {[%clk 01:04:30]} {[%emt 00:02:05]} 19.
f4 {[%clk 01:04:24]} {[%emt 00:02:38]} Bb7 {[%clk 01:01:22]} {[%emt 00:03:39]}
20. Qg3 {[%clk 01:00:17]} {[%emt 00:04:37]} Bxg5 {[%clk 00:58:18]} {[%emt
00:03:34]} 21. Qxg5 {[%clk 01:00:19]} {[%emt 00:00:27]} Qb6+ {[%clk 00:57:03]}
{[%emt 00:01:46]} 22. Kh1 {[%clk 00:57:11]} {[%emt 00:03:37]} Rad8 {[%clk
00:54:46]} {[%emt 00:02:48]} 23. Rad1 {[%clk 00:57:10]} {[%emt 00:00:30]} Rd6
{[%clk 00:47:50]} {[%emt 00:07:27]} 24. Rxd6 {[%clk 00:54:36]} {[%emt
00:03:04]} Qxd6 {[%clk 00:48:12]} {[%emt 00:00:08]} 25. Qe5 {[%clk 00:54:47]}
{[%emt 00:00:18]} Qxe5 {[%clk 00:37:04]} {[%emt 00:11:39]} 26. fxe5 {[%clk
00:54:47]} {[%emt 00:00:30]} Rd8 {[%clk 00:35:18]} {[%emt 00:02:16]} 27. Kg1
{[%clk 00:54:00]} {[%emt 00:01:17]} Rd4 {[%clk 00:35:06]} {[%emt 00:00:42]} 28.
Kf2 {[%emt 00:01:35]} Rd2+ {[%clk 00:35:09]} 29. Ke3 {[%clk 00:53:40]} {[%emt
00:00:10]} Rxg2 {[%clk 00:35:30]} {[%emt 00:00:11]} 30. Rd1 {[%clk 00:53:58]}
{[%emt 00:00:11]} Bd5 {[%clk 00:34:42]} {[%emt 00:01:18]} 31. Bxd5 {[%clk
00:52:59]} {[%emt 00:01:29]} exd5 {[%clk 00:35:00]} {[%emt 00:00:13]} 32. Rd2
{[%clk 00:53:00]} {[%emt 00:00:28]} Rxd2 {[%clk 00:32:23]} {[%emt 00:03:07]}
33. Kxd2 {[%clk 00:53:18]} {[%emt 00:00:12]} Kf8 {[%clk 00:31:56]} {[%emt
00:00:58]} 34. Kd3 {[%clk 00:53:41]} {[%emt 00:00:07]} Ke7 {[%clk 00:32:23]}
{[%emt 00:00:03]} 35. Kd4 {[%clk 00:54:04]} {[%emt 00:00:06]} Ke6 {[%clk
00:32:23]} {[%emt 00:00:31]} 36. h4 {[%clk 00:54:05]} {[%emt 00:00:28]} g5
{[%clk 00:32:17]} {[%emt 00:00:36]} 37. hxg5 {[%clk 00:54:28]} {[%emt
00:00:07]} h4 {[%clk 00:32:41]} {[%emt 00:00:07]} 38. Ke3 {[%clk 00:54:52]}
{[%emt 00:00:05]} Kxe5 {[%clk 00:32:53]} {[%emt 00:00:19]} 39. Kf3 {[%clk
00:55:14]} {[%emt 00:00:07]} Kf5 {[%clk 00:32:57]} {[%emt 00:00:27]} 40. g6
{[%clk 00:54:57]} {[%emt 00:00:47]} fxg6 {[%clk 00:33:22]} {[%emt 00:00:05]}
41. Kg2 {[%clk 00:55:20]} {[%emt 00:00:06]} g5 {[%clk 00:33:48]} {[%emt
00:00:06]} 42. Kh3 {[%clk 00:55:44]} {[%emt 00:00:05]} Kf4 {[%clk 00:33:52]}
{[%emt 00:00:26]} 43. c3 {[%clk 00:56:08]} {[%emt 00:00:06]} Kf3 {[%clk
00:33:58]} {[%emt 00:00:23]} 44. b4 {[%clk 00:56:31]} {[%emt 00:00:07]} g4
{[%clk 00:34:14]} {[%emt 00:00:15]} 45. Kh2 {[%clk 00:56:47]} {[%emt 00:00:14]}
g3+ {[%clk 00:34:33]} {[%emt 00:00:11]} 46. Kg1 {[%clk 00:57:08]} {[%emt
00:00:08]} h3 {[%clk 00:34:47]} {[%emt 00:00:16]} 47. c4 {[%clk 00:57:33]}
{[%emt 00:00:05]} dxc4 {[%clk 00:35:11]} {[%emt 00:00:07]} 48. a4 {[%clk
00:57:59]} {[%emt 00:00:04]} c3 {[%clk 00:35:21]} {[%emt 00:00:20]} 49. axb5
{[%clk 00:58:21]} {[%emt 00:00:07]} c2 {[%clk 00:35:40]} {[%emt 00:00:11]} 50.
bxa6 {[%clk 00:58:47]} {[%emt 00:00:05]} c1=Q# {[%clk 00:36:01]} {[%emt
00:00:08]} 0-1

[Event "ODJM B 2025"]
[Site "Willingen GER"]
[Date "2025.06.10"]
[Round "4"]
[White "Schmidt, Emelie"]
[Black "Klemm, Julian"]
[Result "1-0"]
[Termination "normal"]
[Board "37"]
[WhiteElo "1575"]
[BlackElo "1540"]
[WhiteClock "00:23:31"]
[BlackClock "00:12:28"]
[PlyCount "99"]
[WhiteFideId "34682490"]
[BlackFideId "533001901"]
[EventCountry "GER"]
[EventRounds "9"]
[EventType "swiss"]
[EventDate "2025.06.07"]

1. d4 {[%clk 01:30:57]} {[%emt 00:00:02]} c6 {[%clk 01:30:47]} {[%emt
00:00:13]} 2. Nf3 {[%clk 01:31:09]} {[%emt 00:00:19]} d5 {[%clk 01:31:07]}
{[%emt 00:00:10]} 3. g3 {[%clk 01:31:15]} {[%emt 00:00:24]} Nf6 {[%clk
01:31:18]} {[%emt 00:00:19]} 4. c4 {[%clk 01:30:09]} {[%emt 00:01:35]} Nbd7
{[%clk 01:30:01]} {[%emt 00:01:48]} 5. Qb3 {[%clk 01:28:07]} {[%emt 00:02:32]}
e6 {[%clk 01:28:44]} {[%emt 00:01:47]} 6. Bg2 {[%clk 01:27:06]} {[%emt
00:01:29]} Bd6 {[%clk 01:21:58]} {[%emt 00:07:17]} 7. O-O {[%clk 01:25:26]}
{[%emt 00:02:10]} Ne4 {[%clk 01:15:31]} {[%emt 00:06:58]} 8. Nc3 {[%clk
01:20:57]} {[%emt 00:04:58]} Ndf6 {[%clk 01:15:00]} {[%emt 00:01:01]} 9. Ng5
{[%clk 01:18:29]} {[%emt 00:02:58]} Nxc3 {[%clk 01:12:16]} {[%emt 00:03:14]}
10. Qxc3 {[%clk 01:18:16]} {[%emt 00:00:43]} h5 {[%clk 01:05:27]} {[%emt
00:07:19]} 11. Nf3 {[%clk 01:10:37]} {[%emt 00:08:09]} Ne4 {[%clk 00:59:09]}
{[%emt 00:06:49]} 12. Qc2 {[%clk 01:09:45]} {[%emt 00:01:22]} Be7 {[%clk
00:52:30]} {[%emt 00:07:09]} 13. Ne5 {[%clk 00:59:53]} {[%emt 00:10:21]} Nd6
{[%clk 00:47:07]} {[%emt 00:05:53]} 14. b3 {[%clk 00:47:41]} {[%emt 00:12:43]}
h4 {[%clk 00:43:47]} {[%emt 00:03:50]} 15. Qd3 {[%clk 00:42:06]} {[%emt
00:06:05]} Bg5 {[%clk 00:34:23]} {[%emt 00:09:52]} 16. Ba3 {[%clk 00:37:59]}
{[%emt 00:04:39]} Nf5 {[%clk 00:26:54]} {[%emt 00:07:57]} 17. g4 {[%clk
00:34:39]} {[%emt 00:03:51]} Ne7 {[%clk 00:22:59]} {[%emt 00:04:25]} 18. h3
{[%clk 00:32:38]} {[%emt 00:02:31]} Bf6 {[%clk 00:20:58]} {[%emt 00:02:32]} 19.
f4 {[%clk 00:27:42]} {[%emt 00:05:26]} dxc4 {[%clk 00:19:19]} {[%emt 00:02:08]}
20. bxc4 {[%clk 00:26:37]} {[%emt 00:01:34]} Bxe5 {[%clk 00:18:26]} {[%emt
00:01:24]} 21. dxe5 {[%clk 00:22:23]} {[%emt 00:04:45]} Qxd3 {[%clk 00:16:38]}
{[%emt 00:02:17]} 22. exd3 {[%clk 00:22:46]} {[%emt 00:00:07]} Bd7 {[%clk
00:16:31]} {[%emt 00:00:37]} 23. Rab1 {[%clk 00:22:39]} {[%emt 00:00:37]} b6
{[%clk 00:16:10]} {[%emt 00:00:52]} 24. Kf2 {[%clk 00:20:40]} {[%emt 00:02:29]}
Rc8 {[%clk 00:16:11]} {[%emt 00:00:27]} 25. Bd6 {[%clk 00:20:04]} {[%emt
00:01:07]} c5 {[%clk 00:15:52]} {[%emt 00:00:49]} 26. Bb7 {[%clk 00:20:09]}
{[%emt 00:00:25]} Nc6 {[%clk 00:14:17]} {[%emt 00:02:05]} 27. Bxc8 {[%clk
00:19:24]} {[%emt 00:01:16]} Bxc8 {[%clk 00:14:39]} {[%emt 00:00:08]} 28. Ke3
{[%clk 00:18:26]} {[%emt 00:01:27]} Nd4 {[%clk 00:14:44]} {[%emt 00:00:24]} 29.
Bb8 {[%clk 00:17:15]} {[%emt 00:01:41]} Nc6 {[%clk 00:13:27]} {[%emt 00:01:47]}
30. Bd6 {[%clk 00:17:26]} {[%emt 00:00:20]} Nd4 {[%clk 00:13:13]} {[%emt
00:00:45]} 31. a4 {[%clk 00:17:17]} {[%emt 00:00:39]} Bb7 {[%clk 00:12:59]}
{[%emt 00:00:44]} 32. Rf2 {[%clk 00:16:52]} {[%emt 00:00:55]} Kd7 {[%clk
00:12:24]} {[%emt 00:01:05]} 33. a5 {[%clk 00:16:34]} {[%emt 00:00:48]} Kc6
{[%clk 00:10:42]} {[%emt 00:02:10]} 34. axb6 {[%clk 00:15:04]} {[%emt
00:02:01]} a6 {[%clk 00:10:42]} {[%emt 00:00:31]} 35. Ra2 {[%clk 00:14:22]}
{[%emt 00:01:11]} f5 {[%emt 00:03:21]} 36. g5 {[%emt 00:01:45]} Rd8 {[%clk
00:05:27]} {[%emt 00:00:38]} 37. Ra5 {[%clk 00:14:01]} {[%emt 00:00:52]} Rxd6
{[%clk 00:05:50]} {[%emt 00:00:07]} 38. exd6 {[%emt 00:00:43]} Kxd6 {[%clk
00:06:16]} 39. Kf2 {[%clk 00:13:13]} {[%emt 00:01:09]} g6 {[%clk 00:06:11]}
{[%emt 00:00:35]} 40. Rb2 {[%clk 00:11:02]} {[%emt 00:02:41]} Kc6 {[%clk
00:05:09]} {[%emt 00:01:33]} 41. Ra1 {[%clk 00:09:37]} {[%emt 00:01:54]} Bc8
{[%clk 00:02:01]} {[%emt 00:03:38]} 42. b7 {[%clk 00:03:05]} {[%emt 00:07:02]}
Bxb7 {[%clk 00:02:13]} {[%emt 00:00:18]} 43. Rab1 {[%clk 00:03:21]} {[%emt
00:00:15]} Bc8 {[%clk 00:02:27]} {[%emt 00:00:15]} 44. Rb8 {[%clk 00:03:15]}
{[%emt 00:00:36]} Kc7 {[%clk 00:02:14]} {[%emt 00:00:43]} 45. Ra8 {[%clk
00:29:28]} {[%emt 00:04:17]} Nc6 {[%clk 00:26:22]} {[%emt 00:06:22]} 46. Re1
{[%clk 00:26:23]} {[%emt 00:03:34]} Kb7 {[%clk 00:12:25]} {[%emt 00:14:28]} 47.
Rxc8 {[%clk 00:25:34]} {[%emt 00:01:19]} Kxc8 {[%clk 00:12:50]} {[%emt
00:00:05]} 48. Rxe6 {[%clk 00:25:51]} {[%emt 00:00:13]} Kd7 {[%clk 00:12:20]}
{[%emt 00:01:00]} 49. Rxg6 {[%clk 00:26:05]} {[%emt 00:00:16]} a5 {[%clk
00:12:28]} {[%emt 00:00:22]} 50. Rxc6 {[%clk 00:23:31]} {[%emt 00:03:04]} 1-0